Shrimat Sankshkipatta Dasbodha (Record no. 89710)

MARC details
000 -LEADER
fixed length control field 00521nam a2200193Ia 4500
008 - FIXED-LENGTH DATA ELEMENTS--GENERAL INFORMATION
fixed length control field 230125s9999 xx 000 0 und d
041 ## - LANGUAGE CODE
Language code of text/sound track or separate title eng
082 ## - DEWEY DECIMAL CLASSIFICATION NUMBER
Classification number 491.4603
Item number BAR
100 ## - MAIN ENTRY--PERSONAL NAME
Personal name Baride P R
9 (RLIN) 112725
245 ## - TITLE STATEMENT
Title Shrimat Sankshkipatta Dasbodha
250 ## - EDITION STATEMENT
Edition statement 1st Ed.
260 ## - PUBLICATION, DISTRIBUTION, ETC. (IMPRINT)
Date of publication, distribution, etc. 1999
Name of publisher, distributor, etc. Shri samarth seva mandal
Place of publication, distribution, etc. Pune
300 ## - PHYSICAL DESCRIPTION
Extent 117p
500 ## - GENERAL NOTE
Keywords Marathi bok,Sankshkipatta Dasbodha
500 ## - GENERAL NOTE
Keywords Literature;Marathi Literature
650 ## - SUBJECT ADDED ENTRY--TOPICAL TERM
Topical term or geographic name as entry element General
700 ## - ADDED ENTRY--PERSONAL NAME
Personal name Baride P R
9 (RLIN) 112725
Holdings
Withdrawn status Lost status Damaged status Not for loan Home library Current library Date acquired Vendor Cost, normal purchase price Full call number Barcode Date last seen Cost, replacement price Bill Date Koha item type Original Barcode
      Reference Smt. Hiraben Nanavati Institute of Management & Research for Women Smt. Hiraben Nanavati Institute of Management & Research for Women 29/06/1999 shri sundarmath 30.00 491.4603 BAR B01564 HIMR-BK-1564 25/01/2023 30.00 06/06/1999 Books B01564